[Event "Zalakaros op 37th"]
[Site "Zalakaros"]
[Date "2018.05.29"]
[Round "5"]
[White "Veleski, Robert"]
[Black "Joo, Janos"]
[Result "1-0"]
[WhiteElo "2225"]
[BlackElo "2071"]
[PlyCount "83"]
[EventDate "2018.05.25"]
[EventType "swiss"]
[EventRounds "9"]
[EventCountry "HUN"]
[SourceTitle "EXT 2019"]
[Source "ChessBase"]
[SourceDate "2018.10.10"]
[SourceVersion "1"]
[SourceVersionDate "2018.10.10"]
[SourceQuality "1"]

1. Nf3 c5 2. g3 Nc6 3. Bg2 g6 4. 0-0 Bg7 5. d3 d6 6. Nc3 e5 7. e4 Nge7 8. Nd2 0-0 9. Nc4 Be6 10. a4 Rb8 11. Ne3 Qd7 12. Ned5 Bh3 13. Bg5 f6 14. Bd2 Bxg2 15. Kxg2 Nxd5 16. Nxd5 Ne7 17. Nxe7+ Qxe7 18. c4 f5 19. f3 h5 20. b4 Qe6 21. Rb1 Rf7 22. Qe2 f4 23. Qf2 b6 24. a5 Rbf8 25. h3 fxg3 26. Qxg3 Kh7 27. axb6 axb6 28. b5 Bh6 29. Bg5 Ra8 30. Ra1 Rfa7 31. Rxa7+ Rxa7 32. Bxh6 Kxh6 33. f4 Ra2+ 34. Kg1 Kg7 35. f5 Qf6 36. h4 Ra3 37. Rf2 Kh7 38. Rg2 gxf5 39. exf5 Qf7 40. Qf3 e4 41. Qxe4 Qf6 42. Qb7+ 1-0

[Event "Zalakaros op 37th"]
[Site "Zalakaros"]
[Date "2018.05.28"]
[Round "4"]
[White "Joo, Janos"]
[Black "Vegh, Endre"]
[Result "1/2-1/2"]
[WhiteElo "2071"]
[BlackElo "2264"]
[PlyCount "135"]
[EventDate "2018.05.25"]
[EventType "swiss"]
[EventRounds "9"]
[EventCountry "HUN"]
[SourceTitle "CBM 184 Extra"]
[Source "ChessBase"]
[SourceDate "2018.06.28"]
[SourceVersion "1"]
[SourceVersionDate "2018.06.28"]
[SourceQuality "1"]

1. e4 d6 2. d4 Nf6 3. Nc3 c6 4. f4 Qa5 5. Bd3 e5 6. Nf3 Nbd7 7. 0-0 Be7 8. Be3 0-0 9. Qe1 Qc7 10. Kh1 Re8 11. fxe5 dxe5 12. dxe5 Nxe5 13. Nxe5 Qxe5 14. Bf4 Qh5 15. e5 Nd5 16. Nxd5 cxd5 17. Rd1 Bg4 18. Rd2 Bg5 19. Rdf2 Bh4 20. g3 Bd8 21. Be2 Bb6 22. Bxg4 Qxg4 23. Qe2 Qe6 24. Rg2 f6 25. Re1 g5 26. Bc1 Qxe5 27. Qxe5 Rxe5 28. Rxe5 fxe5 29. Re2 e4 30. Bxg5 Re8 31. c3 Kf7 32. Kg2 Ke6 33. Bh6 Kd6 34. Re1 Kc5 35. Kf1 Kc4 36. Ke2 Re6 37. Bg7 Re7 38. b3+ Kb5 39. Bf6 Rf7 40. Rf1 Bc7 41. Rf2 Kc6 42. g4 Bxh2 43. Rxh2 Rxf6 44. Rxh7 Rg6 45. Rh4 b5 46. Ke3 Kc5 47. Kf4 Rg8 48. Rh3 Rf8+ 49. Ke3 Re8 50. g5 a5 51. a3 a4 52. bxa4 bxa4 53. g6 Kc4 54. Rh5 Rg8 55. Rg5 Kxc3 56. Rxd5 Rxg6 57. Kxe4 Kb3 58. Rd3+ Kb2 59. Ke3 Rb6 60. Kd2 Rb3 61. Rd4 Kxa3 62. Rc4 Rb2+ 63. Kc1 Rg2 64. Rc3+ Kb4 65. Rc2 Rg1+ 66. Kb2 a3+ 67. Ka2 Rd1 68. Rg2 1/2-1/2

[Event "Corund Ceramica op 3rd"]
[Site "Corund"]
[Date "2017.09.28"]
[Round "4"]
[White "Ciorgovean, Iustin"]
[Black "Joo, Janos"]
[Result "1-0"]
[WhiteElo "2220"]
[BlackElo "2156"]
[PlyCount "93"]
[EventDate "2017.09.26"]
[EventType "swiss"]
[EventRounds "9"]
[EventCountry "ROU"]
[SourceTitle "EXT 2018"]
[Source "ChessBase"]
[SourceDate "2017.10.13"]
[SourceVersion "1"]
[SourceVersionDate "2017.10.13"]
[SourceQuality "1"]

1. Nf3 c5 2. c4 Nc6 3. Nc3 g6 4. e3 Nf6 5. d4 cxd4 6. exd4 Bg7 7. d5 Nb8 8. Be2 d6 9. 0-0 0-0 10. h3 Na6 11. Be3 Bf5 12. Nd4 Bd7 13. Rc1 Rc8 14. Ndb5 Bxb5 15. Nxb5 Nc5 16. b4 Ncd7 17. Qb3 a6 18. Nd4 Qc7 19. Rfd1 Qb8 20. Qb1 Rc7 21. Nb3 b6 22. Nd4 Qb7 23. Nc6 Re8 24. a4 Nb8 25. Bf3 Nfd7 26. a5 bxa5 27. Nxa5 Qc8 28. Qa2 Ne5 29. Be2 Qf5 30. c5 g5 31. c6 g4 32. hxg4 Nxg4 33. Bxg4 Qxg4 34. Qc4 Qh5 35. b5 axb5 36. Qxb5 Be5 37. f4 Qh6 38. Qe2 Bf6 39. Bb6 Rcc8 40. c7 Nd7 41. Qg4+ Kh8 42. Qxd7 Rg8 43. Qf5 Qg7 44. Qh3 Bh4 45. Nc6 Bg3 46. Nxe7 Bxf4 47. Nxg8 1-0

[Event "Banska Stiavnica V4 op"]
[Site "Banska Stiavnica"]
[Date "2017.07.16"]
[Round "9"]
[White "Joo, Janos"]
[Black "Bednar, Jan"]
[Result "1-0"]
[WhiteElo "2123"]
[BlackElo "2058"]
[PlyCount "99"]
[EventDate "2017.07.08"]
[EventType "swiss"]
[EventRounds "9"]
[EventCountry "SVK"]
[SourceTitle "CBM 179 Extra"]
[Source "ChessBase"]
[SourceDate "2017.08.23"]
[SourceVersion "1"]
[SourceVersionDate "2017.08.23"]
[SourceQuality "1"]

1. c4 e5 2. g3 Nf6 3. Bg2 d5 4. cxd5 Nxd5 5. Nc3 Nb6 6. Nf3 Nc6 7. 0-0 Be7 8. d3 0-0 9. Be3 Be6 10. Na4 Nd5 11. Bc5 b5 12. Bxe7 Qxe7 13. Nc3 Nxc3 14. bxc3 Rab8 15. Qc1 Rfd8 16. Qe3 f6 17. Ng5 Rb6 18. Nxe6 Qxe6 19. a4 a6 20. Rfb1 Ne7 21. a5 Rbd6 22. Qc5 Nd5 23. Qa3 Qd7 24. Qb3 Kf8 25. Rc1 c6 26. c4 Nc7 27. Qa2 Ne6 28. Bh3 Ke7 29. Rc2 g6 30. Qb2 Qa7 31. cxb5 axb5 32. Bxe6 Kxe6 33. Qb4 Qd4 34. Qb3+ Ke7 35. Rac1 Rc8 36. Rc5 e4 37. dxe4 Qxe4 38. R5c3 Qd5 39. Qb4 Kd7 40. a6 Ra8 41. Qa5 Qd4 42. Rd3 Qa4 43. Rxd6+ Kxd6 44. Qb6 b4 45. Qc5+ Kd7 46. Qd4+ Ke7 47. Rd1 Qxa6 48. Qxb4+ Ke8 49. Qe4+ Kf8 50. Qe6 1-0

[Event "HUN-chT2 Toth 1617"]
[Site "Hungary"]
[Date "2017.01.29"]
[Round "7.1"]
[White "Simonyi, Zoltan"]
[Black "Joo, Janos"]
[Result "0-1"]
[WhiteElo "2198"]
[BlackElo "2050"]
[PlyCount "54"]
[EventDate "2016.09.25"]
[EventType "team-tourn"]
[EventRounds "11"]
[EventCountry "HUN"]
[SourceTitle "EXT 2021"]
[Source "ChessBase"]
[SourceDate "2020.10.23"]
[SourceVersion "1"]
[SourceVersionDate "2020.10.23"]
[SourceQuality "1"]
[WhiteTeam "Ujszasz"]
[BlackTeam "Mako Duocor II"]
[WhiteTeamCountry "HUN"]
[BlackTeamCountry "HUN"]

1. d4 Nf6 2. c4 g6 3. Nc3 Bg7 4. e4 d6 5. Be2 0-0 6. g4 c5 7. d5 e6 8. g5 Ne8 9. h4 exd5 10. cxd5 Qe7 11. Qc2 f5 12. f3 Qe5 13. f4 Qe7 14. h5 Na6 15. Bxa6 bxa6 16. hxg6 hxg6 17. Nge2 Rb8 18. Be3 fxe4 19. 0-0-0 Nc7 20. Ng3 Nb5 21. Ncxe4 Bf5 22. Nxf5 gxf5 23. Nf6+ Rxf6 24. gxf6 Qxe3+ 25. Rd2 Bxf6 26. Qd1 Bxb2+ 27. Kxb2 Qc3+ 0-1

[Event "HUN-chT2 Toth 1516"]
[Site "Hungary"]
[Date "2015.12.06"]
[Round "6.3"]
[White "Joo, Janos"]
[Black "Kerekes, Attila"]
[Result "1-0"]
[WhiteElo "2066"]
[BlackElo "2126"]
[PlyCount "49"]
[EventDate "2015.09.13"]
[EventType "team-tourn"]
[EventRounds "11"]
[EventCountry "HUN"]
[SourceTitle "CBM 170 Extra"]
[Source "ChessBase"]
[SourceDate "2016.02.25"]
[SourceVersion "1"]
[SourceVersionDate "2016.02.25"]
[SourceQuality "1"]
[WhiteTeam "Mako SVSE II"]
[BlackTeam "Bekes"]
[WhiteTeamCountry "HUN"]
[BlackTeamCountry "HUN"]

1. c4 c5 2. g3 Nf6 3. Bg2 d5 4. cxd5 Nxd5 5. Nc3 Nc7 6. Nf3 Nc6 7. 0-0 e5 8. a3 f6 9. b4 cxb4 10. axb4 Bxb4 11. Qa4 Be7 12. d4 Bd7 13. dxe5 Nxe5 14. Qb3 Nc6 15. Rd1 Qc8 16. Nd4 Rb8 17. Bf4 g5 18. Bxc7 Qxc7 19. Ndb5 Qe5 20. Rxd7 Kxd7 21. Rd1+ Ke8 22. Rd5 a6 23. Rxe5 Nxe5 24. Nc7+ Kd7 25. Qe6+ 1-0

[Event "HUN-chT2 Toth 1415"]
[Site "Hungary"]
[Date "2014.11.16"]
[Round "4.2"]
[White "Joo, Janos"]
[Black "Keresztes, Richard"]
[Result "1/2-1/2"]
[WhiteElo "2031"]
[BlackElo "2214"]
[PlyCount "60"]
[EventDate "2014.09.07"]
[EventType "team-tourn"]
[EventRounds "11"]
[EventCountry "HUN"]
[SourceTitle "EXT 2016"]
[Source "ChessBase"]
[SourceDate "2015.10.08"]
[SourceVersion "1"]
[SourceVersionDate "2015.10.08"]
[SourceQuality "1"]
[WhiteTeam "Mako II"]
[BlackTeam "Takisz"]
[WhiteTeamCountry "HUN"]
[BlackTeamCountry "HUN"]

1. c4 Nf6 2. g3 e5 3. Bg2 Nc6 4. Nc3 g6 5. d3 Bg7 6. e4 d6 7. Nge2 Be6 8. 0-0 h5 9. Nd5 Nh7 10. f4 h4 11. f5 Bxd5 12. cxd5 Ne7 13. Qa4+ c6 14. fxg6 Qb6+ 15. d4 Nxg6 16. Be3 hxg3 17. hxg3 0-0 18. Rf2 Qxb2 19. Raf1 Qb5 20. Qa3 Rae8 21. dxc6 bxc6 22. dxe5 Nxe5 23. Nd4 Qd3 24. Qxd3 Nxd3 25. Rf5 Ne5 26. Rd1 a6 27. Rff1 Nc4 28. Bf4 Nb2 29. Rd2 Nc4 30. Rdd1 Nb2 1/2-1/2

[Event "HUN-chT2 Maroczy 1314"]
[Site "Hungary"]
[Date "2013.11.17"]
[Round "5"]
[White "Joo, Janos"]
[Black "Farkas, Richard"]
[Result "1/2-1/2"]
[WhiteElo "2078"]
[BlackElo "2173"]
[PlyCount "23"]
[EventDate "2013.09.08"]
[EventType "team-tourn"]
[EventRounds "11"]
[EventCountry "HUN"]
[SourceTitle "EXT 2016"]
[Source "ChessBase"]
[SourceDate "2015.10.08"]
[SourceVersion "1"]
[SourceVersionDate "2015.10.08"]
[SourceQuality "1"]
[WhiteTeam "Mako II"]
[BlackTeam "Budapest Kobanya"]
[WhiteTeamCountry "HUN"]
[BlackTeamCountry "HUN"]

1. c4 Nf6 2. g3 c6 3. Bg2 d5 4. Nf3 dxc4 5. a4 Na6 6. Na3 Qd5 7. 0-0 e5 8. d3 cxd3 9. exd3 Be7 10. Ng5 Qd8 11. Nc4 Bg4 12. Nxf7 1/2-1/2

[Event "HUN-chT2 Toth 1213"]
[Site "Hungary"]
[Date "2012.09.16"]
[Round "1.2"]
[White "Joo, Janos"]
[Black "Szakaly, Balazs"]
[Result "0-1"]
[WhiteElo "2057"]
[BlackElo "2054"]
[PlyCount "68"]
[EventDate "2012.09.16"]
[EventType "team-tourn"]
[EventRounds "11"]
[EventCountry "HUN"]
[SourceTitle "EXT 2014"]
[Source "ChessBase"]
[SourceDate "2013.11.20"]
[SourceVersion "1"]
[SourceVersionDate "2013.11.20"]
[SourceQuality "1"]
[WhiteTeam "Mako II"]
[BlackTeam "Debrecen Sakkbaratok"]
[WhiteTeamCountry "HUN"]
[BlackTeamCountry "HUN"]

1. Nf3 d5 2. c4 e6 3. g3 c6 4. Bg2 Bd6 5. b3 f5 6. Ba3 Nf6 7. d4 Bxa3 8. Nxa3 Qa5+ 9. Qd2 Qxa3 10. c5 Ne4 11. Qf4 Qa5+ 12. Kf1 Nd7 13. h4 0-0 14. h5 Ndf6 15. Ne5 Qc3 16. Rd1 Qc2 17. Re1 Qd2 18. Qxd2 Nxd2+ 19. Kg1 Nde4 20. f3 Nxg3 21. Rh3 Ngxh5 22. Kf2 Nf4 23. Rh2 Nd7 24. Nd3 Nxd3+ 25. exd3 Nf6 26. Reh1 g6 27. Kg3 Bd7 28. Kf4 Rad8 29. a4 Rf7 30. b4 Nh5+ 31. Ke5 Bc8 32. Rg1 Kf8 33. f4 Nf6 34. Bf3 Ke7 0-1

[Event "HUN-chT2 Toth 1112"]
[Site "Hungary"]
[Date "2012.03.11"]
[Round "7.4"]
[White "Joo, Janos"]
[Black "Kelly, Ladislau Endre"]
[Result "1/2-1/2"]
[WhiteElo "2038"]
[BlackElo "2247"]
[PlyCount "21"]
[EventDate "2011.09.25"]
[EventType "team-tourn"]
[EventRounds "11"]
[EventCountry "HUN"]
[SourceTitle "EXT 2013"]
[Source "ChessBase"]
[SourceDate "2012.11.22"]
[SourceVersion "1"]
[SourceVersionDate "2012.11.22"]
[SourceQuality "1"]
[WhiteTeam "Mako"]
[BlackTeam "Gyula"]
[WhiteTeamCountry "HUN"]
[BlackTeamCountry "HUN"]

1. Nf3 Nf6 2. g3 d5 3. Bg2 c6 4. c4 g6 5. b4 Bg7 6. Bb2 0-0 7. 0-0 a5 8. b5 dxc4 9. bxc6 Nxc6 10. Na3 Bf5 11. Nxc4 1/2-1/2

[Event "HUN-chT 1112"]
[Site "Hungary"]
[Date "2012.02.19"]
[Round "6"]
[White "Ruck, Tamas"]
[Black "Joo, Janos"]
[Result "0-1"]
[WhiteElo "2313"]
[BlackElo "2038"]
[PlyCount "60"]
[EventDate "2011.09.25"]
[EventType "team-tourn"]
[EventRounds "11"]
[EventCountry "HUN"]
[SourceTitle "EXT 2013"]
[Source "ChessBase"]
[SourceDate "2012.11.22"]
[SourceVersion "1"]
[SourceVersionDate "2012.11.22"]
[SourceQuality "1"]
[WhiteTeam "HVSE Infraplan"]
[BlackTeam "Mako"]
[WhiteTeamCountry "HUN"]
[BlackTeamCountry "HUN"]

1. e4 c5 2. Nf3 d6 3. d4 cxd4 4. Nxd4 Nf6 5. Nc3 g6 6. Be3 Bg7 7. f3 0-0 8. Qd2 Nc6 9. 0-0-0 d5 10. exd5 Nxd5 11. Nxc6 bxc6 12. Nxd5 cxd5 13. Qxd5 Qc7 14. Qc5 Qb7 15. c3 Bf5 16. Qa3 Rab8 17. Ba6 Qc6 18. Bd3 Be6 19. Be4 Qc4 20. Bd3 Qc6 21. Rhe1 Rfc8 22. Re2 Bd5 23. Ba6 Re8 24. Bc5 e5 25. c4 Be6 26. Bb5 Rxb5 27. cxb5 Qxb5 28. Red2 Bh6 29. Be3 Bf5 30. Qc5 Bxe3 0-1